|
|
|
|
| LEADER |
00000nam a2200000Ia 4500 |
| 008 |
180423b2009 cr ||||| |||| 00| | spa d |
| 999 |
|
|
|c 1798
|d 1798
|
| 090 |
|
|
|a 06.03.06
|b 423
|
| 100 |
1 |
|
|a Vargas Dengo, Ana Isabel
|9 2981
|
| 245 |
|
|
|a Música en la educación primaria /
|c Ana Isabel Vargas Dengo
|
| 250 |
|
|
|a 2 edición
|
| 260 |
|
|
|a San José, Costa Rica :
|b Coordincación Educativa y Cultural Centroamericana,
|c 2009
|
| 300 |
|
|
|a 133 páginas
|
| 490 |
|
|
|a Colección pedagógica formación inicial de docentes centroamericanos de educación primaria o básica,
|v 35
|
| 650 |
1 |
4 |
|a EDUCACIÓN PRIMARIA
|9 367
|
| 650 |
1 |
4 |
|a MÚSICA
|9 13
|
| 942 |
|
|
|i 002921
|h 06.03.06 423
|2 z
|c 01
|